00478nam a22001457a 450000500170000002000180001708200200003510000260005524500290008126000390011030000110014994200120016099900190017295201410019120260225121350.0 a9789383101795 a582.13012 BIS.T aBiswas, Mukesh910921 aTaxonomy of angiosperm / aJaipur :bAgrotech press ,cc2025. a272 p. 2ddccBK c757028d757028 00102ddc4070aBOTbBOTcGENd2026-02-25eArunima book distributorsl0o582.13012 BIS.TpBOT10945r2026-02-25 06:48:13w2026-02-25yBK